Normal view
MARC view
- المكتبات- تطور
Entry Topical Term
001 - CONTROL NUMBER
- control field: 19249
003 - CONTROL NUMBER IDENTIFIER
- control field: JO-AjAnu
005 - DATE AND TIME OF LATEST TRANSACTION
- control field: 20230606073351.0
008 - FIXED-LENGTH DATA ELEMENTS
- fixed length control field: 230606|| aca||aabn | a|a d
040 ## - CATALOGING SOURCE
- Original cataloging agency: JO-AjAnu
- Transcribing agency: JO-AjAnu
150 ## - HEADING--TOPICAL TERM
- Topical term or geographic name entry element: المكتبات- تطور
670 ## - SOURCE DATA FOUND
- Source citation: Work cat.: (JO-AjAnu)9880: الحلوجي، عبد الستار, author 19248, المكتبات تاريخها وتطورها